000 00902nam a2200265Ia 4500
003 OSt
005 20220923213034.0
006 a|||||r|||| 00| 0
007 ta
008 220922b |||||||| |||| 00| 0 hin d
024 _a158,548
037 _cTextual
040 _aARTS
_cARTS
_bhin
041 _2hin
_ahin
082 _aX:8M(P152), 152N7
100 _aटण्डन, पूरनचन्द
245 0 _aप्रशासनिक हिन्दी
246 _aPrashāsanik hindī
260 _aनई दिल्ली
_b पुनीत एण्ठरप्राइजिज़
_c1997
300 _a125 पृ.
_ccm.
650 _a भारतीय अर्थव्यवस्था
650 _aअर्थशास्त्र
942 _hX:8M(P152), 152N7
_cTEXL
_2CC
999 _c313323
_d313323